000 00493nam a2200169Ia 4500
008 240729s9999 xx 000 0 und d
022 _a2474-7661
245 0 _aJournal of the American Academy of Orthopaedic Surgeons: Global Research & Reviews
260 _aUnited States
260 _bWolters Kluwer
650 _a Orthopedic surgery
650 _a Surgery
650 _aMedicine
856 _uhttps://doaj.org/toc/e9ead924a129482ea5d1f26fd262dda9
942 _2ddc
942 _cDOAJEJ
999 _c71141
_d71141
945 _a1
_bMadushi Gamage
_c1
_dMadushi Gamage